Movies Quiz

Random Movies or Actor Quiz

Famous Females' Co-Stars II Quiz Stats

Quiz Updated Sep 17, 2015

Challenge
Share
Tweet
Embed
Score 0/45 Timer 09:00
0 Plays Today
Actress Movies % Correct
Cameron DiazThe Mask
77.1%
Julia RobertsNotting Hill
75.4%
Demi MooreGhost
72.3%
Sharon StoneBasic Instinct
70.9%
Jennifer AnistonThe Break-Up
67.7%
Natalie PortmanGarden State
62.8%
Cameron DiazThere's Something About Mary
60.6%
Natalie PortmanV for Vendetta
59.9%
Cameron DiazGangs of New York
59.3%
Meryl StreepKramer vs. Kramer
59%
Jennifer AnistonAlong Came Polly
58.4%
Sharon StoneCasino
54.6%
Natalie PortmanLéon: The Professional
53%
Meryl StreepMamma Mia!
50.4%
Natalie PortmanNo Strings Attached
49.7%
Jennifer AnistonOffice Space
48.4%
Kate BeckinsalePearl Harbor
48.1%
Meryl StreepThe Bridges of Madison County
47.7%
Demi MooreA Few Good Men
47.4%
Sharon StoneTotal Recall
47.3%
Cameron DiazBad Teacher
47.1%
Kate BeckinsaleClick
46.1%
Jennifer AnistonThe Bounty Hunter
45.3%
Actress Movies % Correct
Julianne MooreBoogie Nights
44.7%
Demi MooreIndecent Proposal
44.3%
Julia RobertsHook
43.8%
Demi MooreStriptease
41.2%
Julia RobertsFlatliners
40%
Meryl StreepIt's Complicated
37.3%
Julianne MooreCrazy, Stupid, Love.
37.3%
Demi MooreG.I Jane
37%
Julianne MooreChildren of Men
36.8%
Kate BeckinsaleSerendipity
36.5%
Julia RobertsErin Brockovich
33.3%
Julia RobertsCloser
32.6%
Kate BeckinsaleThe Aviator
29.9%
Meryl StreepDeath Becomes Her
29.4%
Natalie PortmanHeat
27.5%
Julianne MooreDon Jon
25.5%
Sharon StoneThe Quick and the Dead
18.2%
Jennifer AnistonHorrible Bosses
17.5%
Julianne MooreA Single Man
15.1%
Cameron DiazA Life Less Ordinary
10.9%
Kate BeckinsaleVacancy
9.5%
Sharon StoneBroken Flowers
7.7%

You're not logged in!

Compare scores with friends on all Sporcle quizzes.
Sign Up with Email
OR
Log In

You Might Also Like...

Show Comments

Extras

Top Quizzes Today


Score Distribution

Your Account Isn't Verified!

In order to create a playlist on Sporcle, you need to verify the email address you used during registration. Go to your Sporcle Settings to finish the process.